[Event "GRE-chT 49th"]
[Site "Thessaloniki"]
[Date "2022.08.17"]
[Round "7.6"]
[White "Apostolakaki, Evangelia"]
[Black "Kalyva, Kyriaki"]
[Result "1/2-1/2"]
[WhiteElo "1608"]
[BlackElo "1793"]
[PlyCount "105"]
[EventDate "2022.08.12"]
[EventType "team-swiss"]
[EventRounds "7"]
[EventCountry "GRE"]
[SourceTitle "CBM 209 Extra"]
[Source "ChessBase"]
[SourceDate "2022.09.30"]
[SourceVersion "1"]
[SourceVersionDate "2022.09.30"]
[SourceQuality "1"]
[WhiteTeam "Pneemathlon"]
[BlackTeam "Erakleioe"]
[WhiteTeamCountry "GRE"]
[BlackTeamCountry "GRE"]

1. d4 d5 2. c4 c6 3. Nf3 Nf6 4. Qb3 e6 5. g3 Be7 6. Bg2 0-0 7. 0-0 Ne4 8. Nc3 Nd6 9. c5 Nc4 10. Qc2 e5 11. dxe5 Nd7 12. e4 d4 13. Nxd4 Ncxe5 14. Nf5 Bxc5 15. Na4 Be7 16. Rd1 b5 17. f4 bxa4 18. fxe5 Bc5+ 19. Kh1 Qb6 20. Bf4 Rd8 21. Rac1 Bb7 22. Bg5 f6 23. Qc4+ Kf8 24. exf6 Nxf6 25. Bxf6 gxf6 26. Rf1 Bd4 27. Nxd4 Qxd4 28. Qxd4 Rxd4 29. Rxf6+ Kg7 30. e5 Re8 31. Bxc6 Rxe5 32. Rf2 Ba6 33. Rc3 Re6 34. Bf3 Re7 35. Kg2 Rd8 36. Ra3 Bb5 37. Rc3 a6 38. h3 Rd6 39. g4 Rd4 40. Rfc2 Rdd7 41. Kg3 Kf7 42. Bc6 Rd4 43. a3 Rd6 44. Bf3 Rdd7 45. h4 Rd4 46. h5 Kf6 47. Rc5 h6 48. Rf5+ Kg7 49. Rfc5 Kf6 50. Rf5+ Kg7 51. g5 Rd6 52. gxh6+ Kxh6 53. Rf4 1/2-1/2

[Event "GRE-ch U18 Girls"]
[Site "Kavala"]
[Date "2022.05.01"]
[Round "8"]
[White "Tsapaki, Asimenia"]
[Black "Apostolakaki, Evangelia"]
[Result "1/2-1/2"]
[WhiteElo "1433"]
[BlackElo "1698"]
[PlyCount "117"]
[EventDate "2022.04.26"]
[EventType "swiss"]
[EventRounds "9"]
[EventCountry "GRE"]
[SourceTitle "CBM 208 Extra"]
[Source "ChessBase"]
[SourceDate "2022.07.31"]
[SourceVersion "1"]
[SourceVersionDate "2022.07.31"]
[SourceQuality "1"]

1. Nf3 d5 2. c4 e6 3. e3 Nf6 4. b3 b6 5. Nc3 Bb7 6. Bb2 a6 7. Rc1 Bd6 8. cxd5 exd5 9. d4 0-0 10. Bd3 Nbd7 11. 0-0 Qe7 12. Nh4 g6 13. Nf3 h5 14. h3 Rfe8 15. Qc2 Ne4 16. Ne2 f5 17. Ne5 Bxe5 18. dxe5 c5 19. Nf4 Kh7 20. Bxe4 fxe4 21. Rfd1 Nxe5 22. Qe2 Rad8 23. Rc2 Qf7 24. Rcd2 d4 25. exd4 cxd4 26. Nxh5 gxh5 27. Bxd4 Nd3 28. Bxb6 Rd6 29. Bc5 Rf6 30. Qe3 Rg8 31. Kh1 Qg6 32. f3 Rf7 33. fxe4 Bxe4 34. Rg1 Nf4 35. Rf2 Bxg2+ 36. Kh2 Qf5 37. Rxf4 Qxf4+ 38. Qxf4 Rxf4 39. Rxg2 Rxg2+ 40. Kxg2 Rf5 41. b4 Rd5 42. Kg3 Kg6 43. Kf4 Rd3 44. h4 Ra3 45. Ke5 Rxa2 46. Kd5 Kf5 47. Be7 Rc2 48. Bg5 Kg4 49. Kd4 Rc8 50. Bf6 a5 51. bxa5 Ra8 52. Ke3 Rxa5 53. Bg5 Rf5 54. Ke2 Rf3 55. Bd8 Rh3 56. Bg5 Rxh4 57. Bxh4 Kxh4 58. Kf2 Kh3 59. Kg1 1/2-1/2

[Event "GRE-ch U18 Girls"]
[Site "Kavala"]
[Date "2022.04.29"]
[Round "6"]
[White "Apostolidou, Eleni"]
[Black "Apostolakaki, Evangelia"]
[Result "1/2-1/2"]
[WhiteElo "1484"]
[BlackElo "1698"]
[PlyCount "116"]
[EventDate "2022.04.26"]
[EventType "swiss"]
[EventRounds "9"]
[EventCountry "GRE"]
[SourceTitle "CBM 208 Extra"]
[Source "ChessBase"]
[SourceDate "2022.07.31"]
[SourceVersion "1"]
[SourceVersionDate "2022.07.31"]
[SourceQuality "1"]

1. d4 Nf6 2. Nf3 e6 3. e3 b6 4. Bd3 Bb7 5. Nbd2 d5 6. b3 Bd6 7. Bb2 0-0 8. 0-0 Ne4 9. Rc1 Nd7 10. Ne5 Bxe5 11. dxe5 Nxd2 12. Qxd2 Nc5 13. Be2 Ba6 14. Bxa6 Nxa6 15. Qe2 Qc8 16. e4 c5 17. exd5 exd5 18. Rcd1 Nc7 19. Rd3 Re8 20. f4 f5 21. Rh3 Re6 22. g4 Rg6 23. g5 h6 24. Qh5 Qe6 25. Rg3 Rd8 26. Rf2 d4 27. Rfg2 hxg5 28. Rh3 Rd7 29. Rxg5 Rxg5+ 30. Qxg5 Nd5 31. Qh4 Qh6 32. Qxh6 gxh6 33. Rxh6 Nxf4 34. Rf6 Rf7 35. Kf2 Rxf6 36. exf6 Kf7 37. Bc1 Nd5 38. Kf3 Kxf6 39. Bf4 a6 40. a3 b5 41. Bd6 c4 42. bxc4 bxc4 43. Bf4 a5 44. h4 Kg6 45. Be5 d3 46. cxd3 cxd3 47. Bg3 a4 48. Be1 Kf6 49. Bd2 Ke5 50. h5 Kf6 51. Bc1 Kg7 52. Kf2 f4 53. Kf3 Kh6 54. Ke4 Kxh5 55. Kxd3 f3 56. Bb2 Kg4 57. Bd4 Kf4 58. Bf2 Ke5 1/2-1/2

[Event "GRE-chT Final 4 48th"]
[Site "Larisa"]
[Date "2021.11.06"]
[Round "1.1"]
[White "Kiousi, Panagiota"]
[Black "Apostolakaki, Evangelia"]
[Result "1-0"]
[WhiteElo "2029"]
[BlackElo "1660"]
[PlyCount "59"]
[EventDate "2021.11.06"]
[EventType "team-k.o."]
[EventRounds "2"]
[EventCountry "GRE"]
[SourceTitle "CBM 205 Extra"]
[Source "ChessBase"]
[SourceDate "2022.01.31"]
[SourceVersion "1"]
[SourceVersionDate "2022.01.31"]
[SourceQuality "1"]
[WhiteTeam "Nikaia Fysiolatris"]
[BlackTeam "Kavalas SO"]
[WhiteTeamCountry "GRE"]
[BlackTeamCountry "GRE"]

1. d4 Nf6 2. c4 e6 3. Nc3 Bb4 4. e3 0-0 5. Nge2 d5 6. a3 Be7 7. cxd5 exd5 8. g3 c6 9. Bg2 a5 10. 0-0 Na6 11. Nf4 b5 12. f3 Rb8 13. e4 dxe4 14. fxe4 c5 15. e5 Ng4 16. Ncd5 cxd4 17. e6 Nf6 18. Nxf6+ Bxf6 19. exf7+ Rxf7 20. Bd5 Nc7 21. Bxf7+ Kxf7 22. Qb3+ Kf8 23. Bd2 Na6 24. Ne6+ Bxe6 25. Qxe6 Nc5 26. Rxf6+ Qxf6 27. Qd5 Qb6 28. Rf1+ Ke8 29. Qg8+ Kd7 30. Qxg7+ 1-0

[Event "GRE-ch U20 Girls"]
[Site "Trikala"]
[Date "2021.08.28"]
[Round "8"]
[White "Apostolakaki, Evangelia"]
[Black "Platsaki, Evgenia Valeria"]
[Result "1-0"]
[WhiteElo "1626"]
[BlackElo "1220"]
[PlyCount "75"]
[EventDate "2021.08.23"]
[EventType "swiss"]
[EventRounds "9"]
[EventCountry "GRE"]
[SourceTitle "EXT 2022"]
[Source "ChessBase"]
[SourceDate "2021.10.06"]
[SourceVersion "1"]
[SourceVersionDate "2021.10.06"]
[SourceQuality "1"]

1. d4 Nf6 2. c4 e6 3. Nf3 Bb4+ 4. Bd2 a5 5. g3 b6 6. Bg2 Bb7 7. 0-0 0-0 8. Bf4 d5 9. c5 a4 10. a3 Ba5 11. Qxa4 Bd2 12. Qc2 Bxf4 13. gxf4 Nc6 14. Nbd2 Qd7 15. b4 b5 16. a4 Ba6 17. Rfb1 Qe7 18. e3 Rfb8 19. Bf1 Qe8 20. axb5 Bxb5 21. Rxa8 Rxa8 22. Bxb5 Rb8 23. Qa4 Ra8 24. Bxc6 Rxa4 25. Bxe8 Nxe8 26. b5 Ra7 27. b6 cxb6 28. Rxb6 Kf8 29. c6 Rc7 30. Nb3 Nd6 31. Ne5 f6 32. Nd7+ Ke7 33. Nb8 Nc4 34. Rb7 Kd8 35. Nc5 Rxb7 36. cxb7 Kc7 37. Nba6+ Kc6 38. b8Q 1-0

[Event "GRE-ch U20 Girls"]
[Site "Trikala"]
[Date "2021.08.27"]
[Round "7"]
[White "Alexandri, Dimitra"]
[Black "Apostolakaki, Evangelia"]
[Result "1/2-1/2"]
[WhiteElo "1360"]
[BlackElo "1626"]
[PlyCount "105"]
[EventDate "2021.08.23"]
[EventType "swiss"]
[EventRounds "9"]
[EventCountry "GRE"]
[SourceTitle "EXT 2022"]
[Source "ChessBase"]
[SourceDate "2021.10.06"]
[SourceVersion "1"]
[SourceVersionDate "2021.10.06"]
[SourceQuality "1"]

1. d4 Nf6 2. c4 e6 3. Nc3 Bb4 4. e3 0-0 5. Bd3 d5 6. Nf3 c5 7. 0-0 Bxc3 8. bxc3 dxc4 9. Bxc4 Qc7 10. Be2 b6 11. Ne5 Bb7 12. Bf3 Nc6 13. Nd3 Rfd8 14. Qc2 c4 15. Nf4 e5 16. Nh3 e4 17. Be2 Ne7 18. Nf4 Nfd5 19. Nxd5 Nxd5 20. f3 Nf6 21. fxe4 Bxe4 22. Qd1 b5 23. a3 a5 24. Bd2 Rab8 25. Qe1 Rb6 26. Qh4 Qb7 27. Bf3 Rc8 28. Qh3 Bxf3 29. gxf3 Nd5 30. e4 Nxc3 31. Bxc3 b4 32. axb4 axb4 33. Ra7 Qb8 34. Qd7 Rf8 35. Qc7 bxc3 36. Qxb8 Rfxb8 37. Ra4 Rc8 38. Rc1 Rb3 39. Ra2 Rb2 40. Ra3 Rd2 41. Raxc3 Rxd4 42. Kf2 h5 43. Ke3 Rcd8 44. Rxc4 Rd3+ 45. Kf4 Kh7 46. Rc5 g6 47. Rc7 Kg7 48. R7c3 Rd2 49. R3c2 R2d6 50. Rc6 Rd3 51. R6c3 Rd2 52. R3c2 R2d7 53. Rc7 1/2-1/2

[Event "GRE-ch U20 Girls"]
[Site "Trikala"]
[Date "2021.08.25"]
[Round "4"]
[White "Alexandri, Vasiliki"]
[Black "Apostolakaki, Evangelia"]
[Result "1/2-1/2"]
[WhiteElo "1370"]
[BlackElo "1626"]
[PlyCount "60"]
[EventDate "2021.08.23"]
[EventType "swiss"]
[EventRounds "9"]
[EventCountry "GRE"]
[SourceTitle "EXT 2022"]
[Source "ChessBase"]
[SourceDate "2021.10.06"]
[SourceVersion "1"]
[SourceVersionDate "2021.10.06"]
[SourceQuality "1"]

1. d4 Nf6 2. c4 e6 3. Nc3 Bb4 4. e3 0-0 5. a3 Bxc3+ 6. bxc3 b6 7. Bd3 Bb7 8. f3 d6 9. e4 e5 10. Ne2 Nc6 11. d5 Na5 12. 0-0 Ba6 13. f4 Nd7 14. f5 Bxc4 15. Bxc4 Nxc4 16. f6 Nxf6 17. Bg5 h6 18. Bxf6 gxf6 19. Qd3 Na5 20. Qh3 Kg7 21. Rf5 Rh8 22. Raf1 Rh7 23. Qg4+ Kh8 24. Rxf6 Qg8 25. Qd7 Rf8 26. R1f3 Qg5 27. Qe7 Rc8 28. Ng3 Nc4 29. Nf1 h5 30. Rg3 Qh4 1/2-1/2

[Event "GRE-chT Online Rapid (Women) 1st"]
[Site "Tornelo INT"]
[Date "2021.02.20"]
[Round "4.8"]
[White "Apostolakaki, Evangelia"]
[Black "Grapsa, Georgia"]
[Result "0-1"]
[WhiteElo "1620"]
[BlackElo "1950"]
[PlyCount "70"]
[EventDate "2021.02.20"]
[EventType "team-swiss (rapid)"]
[EventRounds "9"]
[EventCountry "GRE"]
[SourceTitle "EXT 2023"]
[Source "ChessBase"]
[SourceDate "2022.10.05"]
[SourceVersion "1"]
[SourceVersionDate "2022.10.05"]
[SourceQuality "1"]

1. d4 Nf6 2. c4 e6 3. Nf3 b6 4. g3 Ba6 5. Qa4 Bb7 6. Bg2 c5 7. 0-0 Nc6 8. Rd1 Nxd4 9. Nxd4 Bxg2 10. Kxg2 cxd4 11. Rxd4 Bc5 12. Rd1 Qc7 13. b4 Qe5 14. bxc5 Qxa1 15. Bg5 0-0 16. Qc2 Qe5 17. Bxf6 Qxf6 18. cxb6 axb6 19. Rxd7 Qe5 20. Rd3 Rfc8 21. Rc3 Rc5 22. Na3 Rca5 23. Qc1 Qc5 24. Nb5 Rxa2 25. Qd1 Qc6+ 26. f3 Qc5 27. Rd3 h6 28. Rd8+ Rxd8 29. Qxd8+ Kh7 30. Qd3+ g6 31. Qd7 Rxe2+ 32. Kh1 Re1+ 33. Kg2 Rg1+ 34. Kh3 Qf5+ 35. g4 Qxf3+ 0-1

[Event "GRE-ch South U16 Girls"]
[Site "Athens"]
[Date "2020.09.01"]
[Round "5"]
[White "Dereka, Konstantina"]
[Black "Apostolakaki, Evangelia"]
[Result "1/2-1/2"]
[WhiteElo "1577"]
[BlackElo "1617"]
[PlyCount "60"]
[EventDate "2020.08.28"]
[EventType "swiss"]
[EventRounds "9"]
[EventCountry "GRE"]
[SourceTitle "EXT 2023"]
[Source "ChessBase"]
[SourceDate "2022.10.05"]
[SourceVersion "1"]
[SourceVersionDate "2022.10.05"]
[SourceQuality "1"]

1. d4 Nf6 2. c4 e6 3. Nc3 Bb4 4. Qc2 0-0 5. e4 d6 6. a3 Bxc3+ 7. bxc3 c5 8. Bd3 Qc7 9. a4 cxd4 10. cxd4 e5 11. Ne2 Nc6 12. d5 Nb4 13. Qb3 Nxd3+ 14. Qxd3 Nd7 15. Ng3 Nb6 16. Ra3 Qxc4 17. Qxc4 Nxc4 18. Rc3 Nb6 19. a5 Na4 20. Rc7 Nc5 21. Ba3 b6 22. Kd2 f5 23. f3 f4 24. Ne2 Rf6 25. Rb1 Ba6 26. Rc6 Bb7 27. Rc7 Ba6 28. Rc6 Bb7 29. Rc7 Ba6 30. Rc6 Bb7 1/2-1/2

[Event "GRE-ch U14 Girls"]
[Site "Patras"]
[Date "2019.06.30"]
[Round "8.3"]
[White "Gioutsou, Miranta"]
[Black "Apostolakaki, Evangelia"]
[Result "0-1"]
[WhiteElo "1476"]
[BlackElo "1676"]
[PlyCount "120"]
[EventDate "2019.06.25"]
[EventType "swiss"]
[EventRounds "9"]
[EventCountry "GRE"]
[SourceTitle "EXT 2020"]
[Source "ChessBase"]
[SourceDate "2019.10.17"]
[SourceVersion "1"]
[SourceVersionDate "2019.10.17"]
[SourceQuality "1"]
[WhiteTeam "Greece"]
[BlackTeam "Greece"]
[WhiteTeamCountry "GRE"]
[BlackTeamCountry "GRE"]

1. e4 e5 2. Nf3 Nc6 3. d4 exd4 4. Nxd4 Nf6 5. Nc3 Bc5 6. Nb3 Bb4 7. Bd3 d5 8. exd5 Nxd5 9. Bd2 Nxc3 10. bxc3 Qe7+ 11. Qe2 Qxe2+ 12. Kxe2 Bd6 13. Rhe1 Be6 14. Kf1 0-0-0 15. h3 h6 16. Rad1 a6 17. c4 Bb4 18. Bxb4 Nxb4 19. Nc5 Nxd3 20. cxd3 Bf5 21. d4 Rd6 22. Rd2 Rhd8 23. Red1 Kb8 24. Ke1 Ka7 25. Nb3 g5 26. c5 Rd5 27. Na5 Bd7 28. Nc4 Ba4 29. Rb1 Rxd4 30. Rxd4 Rxd4 31. Ne3 Bd7 32. Rd1 Rxd1+ 33. Kxd1 Be6 34. a3 b6 35. cxb6+ Kxb6 36. Kc2 Kb5 37. Nd1 c5 38. Nc3+ Kc4 39. Na4 Bf5+ 40. Kd2 Kd4 41. Nb2 c4 42. Nd1 Bd7 43. Nc3 f5 44. Ne2+ Kc5 45. Kc3 Bc6 46. g3 Kd5 47. h4 gxh4 48. gxh4 Ke5 49. Ng3 Bd5 50. Kd2 f4 51. Nf1 Kd4 52. Nh2 c3+ 53. Kc1 h5 54. Nf1 Bc4 55. Nh2 Be2 56. Kc2 Kc4 57. a4 a5 58. Kc1 Kb3 59. Kb1 Kxa4 60. Kc2 Kb4 0-1

[Event "GRE-ch U14 Girls"]
[Site "Patras"]
[Date "2019.06.26"]
[Round "2.7"]
[White "Apostolakaki, Evangelia"]
[Black "Tsivelekidou, Anthoula Elpida"]
[Result "1-0"]
[WhiteElo "1676"]
[BlackElo "1312"]
[PlyCount "89"]
[EventDate "2019.06.25"]
[EventType "swiss"]
[EventRounds "9"]
[EventCountry "GRE"]
[SourceTitle "EXT 2020"]
[Source "ChessBase"]
[SourceDate "2019.10.17"]
[SourceVersion "1"]
[SourceVersionDate "2019.10.17"]
[SourceQuality "1"]
[WhiteTeam "Greece"]
[BlackTeam "Greece"]
[WhiteTeamCountry "GRE"]
[BlackTeamCountry "GRE"]

1. d4 Nf6 2. Nf3 g6 3. e3 d6 4. c4 c6 5. Nc3 Bg7 6. Be2 0-0 7. Qc2 Nbd7 8. b4 Qc7 9. a4 e5 10. Ba3 Re8 11. Rd1 Bf8 12. 0-0 Nb8 13. d5 cxd5 14. cxd5 Bf5 15. Qb3 a6 16. Rc1 Qd8 17. Nd2 Bc8 18. Nc4 Nbd7 19. a5 b5 20. axb6 Nxb6 21. Na5 Bd7 22. Rfd1 Qb8 23. Nc6 Bxc6 24. dxc6 Qc7 25. b5 a5 26. Na4 Nxa4 27. Qxa4 Rab8 28. Bc4 Red8 29. Bd5 Rdc8 30. Rb1 Kg7 31. Bb2 Qb6 32. Bc4 Qc7 33. Bc3 Ra8 34. Bd5 Qb6 35. Be1 Ra7 36. Ra1 Rca8 37. e4 Be7 38. h3 Bf8 39. Bd2 Qd8 40. Be3 Re7 41. b6 Qe8 42. b7 Rd8 43. Qxa5 Nxd5 44. exd5 Rb8 45. Rdb1 1-0

[Event "GRE-ch U14 Girls"]
[Site "Patras"]
[Date "2019.06.26"]
[Round "3.3"]
[White "Arapkoule, Eirini"]
[Black "Apostolakaki, Evangelia"]
[Result "0-1"]
[WhiteElo "1376"]
[BlackElo "1676"]
[PlyCount "74"]
[EventDate "2019.06.25"]
[EventType "swiss"]
[EventRounds "9"]
[EventCountry "GRE"]
[SourceTitle "EXT 2020"]
[Source "ChessBase"]
[SourceDate "2019.10.17"]
[SourceVersion "1"]
[SourceVersionDate "2019.10.17"]
[SourceQuality "1"]
[WhiteTeam "Greece"]
[BlackTeam "Greece"]
[WhiteTeamCountry "GRE"]
[BlackTeamCountry "GRE"]

1. d4 d5 2. Nf3 Nf6 3. e3 e6 4. Bd3 b6 5. 0-0 Bb7 6. c4 Bd6 7. b3 0-0 8. Bb2 Nbd7 9. Nbd2 Ne4 10. Qc2 f5 11. Ne5 c5 12. f3 Nxd2 13. Qxd2 cxd4 14. exd4 Bxe5 15. dxe5 Nc5 16. Rfd1 Rc8 17. Ba3 Rf7 18. b4 Nd7 19. cxd5 Bxd5 20. Ba6 Rb8 21. Qe2 b5 22. Bxb5 Qb6+ 23. Qf2 Qxf2+ 24. Kxf2 Rxb5 25. f4 Nb6 26. Rdb1 Nc4 27. Bc1 Rfb7 28. a3 a5 29. g3 axb4 30. axb4 Rxb4 31. Ra8+ Kf7 32. Rxb4 Rxb4 33. Ra7+ Kg6 34. h4 Rb1 35. Ba3 Nxa3 36. Rxa3 Rb2+ 37. Kg1 Rb3 0-1

[Event "GRE-ch U14 Girls"]
[Site "Patras"]
[Date "2019.06.25"]
[Round "1.3"]
[White "Kratimenou, Maria"]
[Black "Apostolakaki, Evangelia"]
[Result "1/2-1/2"]
[WhiteElo "1285"]
[BlackElo "1676"]
[PlyCount "208"]
[EventDate "2019.06.25"]
[EventType "swiss"]
[EventRounds "9"]
[EventCountry "GRE"]
[SourceTitle "EXT 2020"]
[Source "ChessBase"]
[SourceDate "2019.10.17"]
[SourceVersion "1"]
[SourceVersionDate "2019.10.17"]
[SourceQuality "1"]
[WhiteTeam "Greece"]
[BlackTeam "Greece"]
[WhiteTeamCountry "GRE"]
[BlackTeamCountry "GRE"]

1. e4 e5 2. Nf3 Nc6 3. Nc3 Nf6 4. Bb5 Bb4 5. d3 d6 6. 0-0 0-0 7. Bg5 Bxc3 8. bxc3 Ne7 9. Re1 Ng6 10. d4 h6 11. Bd2 c6 12. Bd3 Qc7 13. a3 b6 14. a4 a5 15. Rb1 Bd7 16. Be3 Rab8 17. Rb2 b5 18. axb5 cxb5 19. Qb1 Qxc3 20. Bd2 Qc7 21. Bxb5 Bxb5 22. Rxb5 Rxb5 23. Qxb5 Qxc2 24. Qxa5 Nxe4 25. Be3 exd4 26. Nxd4 Qc3 27. Qxc3 Nxc3 28. Nf5 Nb5 29. Rb1 Na3 30. Rb3 Nc4 31. Rd3 Nge5 32. Rd1 Nxe3 33. fxe3 Nc4 34. Rd4 Ne5 35. Rxd6 Ng4 36. h3 Ne5 37. Kf2 Re8 38. Rd4 Re6 39. Ke2 Kh7 40. Rf4 Rb6 41. Rd4 h5 42. Rd5 f6 43. Ng3 Kg6 44. Rd4 Rb2+ 45. Rd2 Rb3 46. Kf2 Nc4 47. Re2 h4 48. Nf1 Rb5 49. Nd2 Ne5 50. g4 Kh6 51. Nf3 Nd3+ 52. Kg2 g5 53. Rd2 Rb3 54. Nd4 Ra3 55. Nb5 Ra5 56. Rxd3 Rxb5 57. e4 Rb2+ 58. Kg1 Re2 59. Rd6 Kg6 60. Rd4 Re3 61. Kh2 Kf7 62. Ra4 Ke6 63. Ra6+ Ke5 64. Ra5+ Kxe4 65. Ra6 Rf3 66. Kg2 Rf4 67. Ra4+ Ke5 68. Ra5+ Kd6 69. Ra6+ Kc5 70. Ra3 Kd6 71. Ra6+ Ke7 72. Ra7+ Kf8 73. Ra8+ Kg7 74. Ra7+ Kg6 75. Ra6 Re4 76. Kf2 Re8 77. Rc6 Rf8 78. Kg2 Kg7 79. Rc5 Kf7 80. Ra5 Ke6 81. Rf5 Rd8 82. Ra5 Rd2+ 83. Kg1 Rd5 84. Ra6+ Ke5 85. Ra3 f5 86. gxf5 Kxf5 87. Kg2 Rd2+ 88. Kg1 Kf4 89. Kh1 Rf2 90. Ra4+ Kf5 91. Ra3 Re2 92. Rb3 Kf4 93. Ra3 Re3 94. Ra4+ Kf3 95. Rg4 Re1+ 96. Kh2 Re5 97. Kh1 Kf2 98. Rg2+ Kf3 99. Rg4 Ke3 100. Rg2 Rf5 101. Rg4 Rf3 102. Rxg5 Rxh3+ 103. Kg2 Rg3+ 104. Rxg3+ hxg3 1/2-1/2

[Event "GRE-chT 46th"]
[Site "Rio Achaia"]
[Date "2018.07.15"]
[Round "7.11"]
[White "Apostolakaki, Evangelia"]
[Black "Lagogianni, Niki Vasiliki"]
[Result "1/2-1/2"]
[WhiteElo "1376"]
[BlackElo "1123"]
[PlyCount "81"]
[EventDate "2018.07.10"]
[EventType "team"]
[EventRounds "7"]
[EventCountry "GRE"]
[SourceTitle "CBM 185 Extra"]
[Source "ChessBase"]
[SourceDate "2018.07.29"]
[SourceVersion "1"]
[SourceVersionDate "2018.07.29"]
[SourceQuality "1"]
[WhiteTeam "Kavalas OFS"]
[BlackTeam "My Mountains"]
[WhiteTeamCountry "GRE"]
[BlackTeamCountry "GRE"]

1. d4 g6 2. c4 Bg7 3. Nf3 Nf6 4. Nc3 0-0 5. e3 d6 6. Be2 Nbd7 7. 0-0 Re8 8. a3 c6 9. b4 a5 10. Bb2 b6 11. Qc2 Bb7 12. Rfd1 Qc7 13. Rac1 d5 14. cxd5 cxd5 15. Nxd5 Qxc2 16. Nxf6+ Nxf6 17. Rxc2 axb4 18. axb4 Nd5 19. b5 Rec8 20. Rxc8+ Rxc8 21. Rc1 e6 22. Rxc8+ Bxc8 23. Nd2 Bd7 24. Nb1 Nc7 25. Nc3 e5 26. Na4 exd4 27. Nxb6 Bxb5 28. Bxb5 Nxb5 29. exd4 Bxd4 30. Bxd4 Nxd4 31. f3 Kg7 32. Kf2 h5 33. Ke3 Nf5+ 34. Kf4 f6 35. g3 Nh6 36. h4 Nf5 37. Nd5 Kf7 38. Ne3 Nxe3 39. Kxe3 f5 40. Kf4 Kf6 41. g4 1/2-1/2

[Event "GRE-chT 46th"]
[Site "Rio Achaia"]
[Date "2018.07.10"]
[Round "1.10"]
[White "Apostolakaki, Evangelia"]
[Black "Chatziioannidi, Filippa"]
[Result "1-0"]
[WhiteElo "1376"]
[BlackElo "1592"]
[PlyCount "129"]
[EventDate "2018.07.10"]
[EventType "team"]
[EventRounds "7"]
[EventCountry "GRE"]
[SourceTitle "CBM 185 Extra"]
[Source "ChessBase"]
[SourceDate "2018.07.29"]
[SourceVersion "1"]
[SourceVersionDate "2018.07.29"]
[SourceQuality "1"]
[WhiteTeam "Kavalas OFS"]
[BlackTeam "Pefkis"]
[WhiteTeamCountry "GRE"]
[BlackTeamCountry "GRE"]

1. d4 Nf6 2. Nf3 e6 3. e3 d5 4. c4 b6 5. Nbd2 Bd6 6. Bd3 0-0 7. 0-0 Bb7 8. b3 Nbd7 9. Bb2 Re8 10. cxd5 Nxd5 11. Nc4 Bf8 12. a3 c5 13. Be2 Qc7 14. Rc1 Rad8 15. Qc2 Qb8 16. Bd3 N5f6 17. Nfe5 g6 18. Nxd7 Nxd7 19. Be4 cxd4 20. Bxb7 Qxb7 21. Bxd4 b5 22. Na5 Qa6 23. b4 e5 24. Ba1 Nb6 25. Qb3 Bg7 26. Rc7 Rf8 27. Nb7 Nd5 28. Nxd8 Nxc7 29. Rc1 Qd6 30. Nc6 a6 31. Na5 Ne6 32. Rd1 Qc7 33. h3 Rc8 34. Bb2 Qc2 35. Rc1 Qxc1+ 36. Bxc1 Rxc1+ 37. Kh2 Rc7 38. Qd5 Rc3 39. Qa8+ Bf8 40. Qxa6 Rxa3 41. Qxb5 Ra2 42. f3 Rb2 43. Nc6 Rb3 44. Qxe5 Bxb4 45. Qb8+ Kg7 46. Nxb4 Rxe3 47. Nd5 Rd3 48. Qe5+ Kg8 49. Nf6+ Kg7 50. Ne4+ Kg8 51. Nc5 Nxc5 52. Qxc5 Rd8 53. f4 Rf8 54. f5 Re8 55. f6 h6 56. h4 Re6 57. Qd4 h5 58. Qf4 Kh7 59. Kg3 Kg8 60. Kf3 Kh7 61. g4 hxg4+ 62. Kxg4 Rc6 63. h5 gxh5+ 64. Kh4 Rc8 65. Qf5+ 1-0